Translation criticism, the potentials and limitations : (Record no. 22304)

MARC details
000 -LEADER
fixed length control field 01310cam a22003495a 4500
001 - CONTROL NUMBER
control field 12237002
003 - CONTROL NUMBER IDENTIFIER
control field EG-ScBUE
005 - DATE AND TIME OF LATEST TRANSACTION
control field 20220116102925.0
008 - FIXED-LENGTH DATA ELEMENTS--GENERAL INFORMATION
fixed length control field 001121s2014 enka f b 001 0 eng d
020 ## - INTERNATIONAL STANDARD BOOK NUMBER
International Standard Book Number 1900650266
020 ## - INTERNATIONAL STANDARD BOOK NUMBER
International Standard Book Number 9781900650267
040 ## - CATALOGING SOURCE
Original cataloging agency ZBS
Language of cataloging eng
Description conventions rda
Transcribing agency ZBS
Modifying agency DLC
-- EG-ScBUE
041 1# - LANGUAGE CODE
Language code of text/sound track or separate title eng
Language code of original and/or intermediate translations of text ger
082 04 - DEWEY DECIMAL CLASSIFICATION NUMBER
Classification number 418.02
Item number REI
Edition number 22
100 1# - MAIN ENTRY--PERSONAL NAME
Personal name Reiss, Katharina,
Relator term author.
9 (RLIN) 41029
245 10 - TITLE STATEMENT
Title Translation criticism, the potentials and limitations :
Remainder of title categories and criteria for translation quality assessment /
Statement of responsibility, etc by Katharina Reiss ; translated by Erroll F. Rhodes.
264 #1 - PUBLICATION, DISTRIBUTION, ETC. (IMPRINT)
Place of publication, distribution, etc Oxon, England ;
-- New York :
Name of publisher, distributor, etc Routledge / Taylor & Francis Group :
Date of publication, distribution, etc 2014.
300 ## - PHYSICAL DESCRIPTION
Extent xii, 127 pages :
Other physical details illustrations ;
Dimensions 22 cm
336 ## - CONTENT TYPE
Source rdacontent
Content type term text
Content type code txt
337 ## - MEDIA TYPE
Source rdamedia
Media type term unmediated
Media type code n
338 ## - CARRIER TYPE
Source rdacarrier
Carrier type term volume
Carrier type code nc
504 ## - BIBLIOGRAPHY, ETC. NOTE
Bibliography, etc Includes bibliographical references and index.
546 ## - LANGUAGE NOTE
Language note Text in English ; translated from original German.
650 #7 - SUBJECT ADDED ENTRY--TOPICAL TERM
Topical term or geographic name as entry element Translating and interpreting.
Source of heading or term BUEsh
9 (RLIN) 39247
650 #7 - SUBJECT ADDED ENTRY--TOPICAL TERM
Topical term or geographic name as entry element Criticism.
Source of heading or term BUEsh
9 (RLIN) 5477
651 ## - SUBJECT ADDED ENTRY--GEOGRAPHIC NAME
Source of heading or term BUEsh
653 ## - INDEX TERM--UNCONTROLLED
Resource For college Humanities: English
Arrived date list September2016
655 ## - INDEX TERM--GENRE/FORM
Form subdivision Reading book
9 (RLIN) 34232
700 1# - ADDED ENTRY--PERSONAL NAME
Personal name Rhodes, Erroll F.
Fuller form of name (Erroll Franklin),
Dates associated with a name 1924-
Relator term translator.
710 2# - ADDED ENTRY--CORPORATE NAME
Corporate name or jurisdiction name as entry element American Bible Society.
942 ## - ADDED ENTRY ELEMENTS (KOHA)
Source of classification or shelving scheme Dewey Decimal Classification
Koha item type Book - Borrowing
Holdings
Withdrawn status Lost status Source of classification or shelving scheme Damaged status Not for loan Collection code Home library Current library Shelving location Date acquired Source of acquisition Cost, normal purchase price Serial Enumeration / chronology Total Checkouts Total Renewals Full call number Barcode Date last seen Date checked out Cost, replacement price Price effective from Koha item type
    Dewey Decimal Classification     Baccah Central Library Central Library Second Floor 06/09/2016 Purchase 277.00 26103 1 1 418.02 REI 000033538 15/07/2025 26/11/2018 346.00 06/09/2016 Book - Borrowing